[Event "Ljubljana op"]
[Site "Ljubljana"]
[Date "1996.??.??"]
[Round "5"]
[White "Tratar, Marko"]
[Black "Kozul, Zdenko"]
[Result "0-1"]
[WhiteElo "2405"]
[BlackElo "2580"]

1.Nf3 Nf6 2.c4 g6 3.Nc3 Bg7 4.e4 d6 5.d4 O-O 6.Be2 e5 7.O-O Na6 8.Re1 c6
9.Bf1 Bg4 10.d5 c5 11.Be2 Ne8 12.g3 Bd7 13.Nh4 Rb8 14.Be3 Nac7 15.Qd2 b5
16.b4 cxb4 17.Nxb5 Bxb5 18.cxb5 Nxb5 19.Bxb5 Rxb5 20.Bxa7 f5 21.f3 Qa5 22.Be3 fxe4
23.fxe4 Nf6 24.Bg5 Ra8 25.Bxf6 Bxf6 26.Rf1 Qd8 27.Nf3 Ra3 28.Rac1 Qb6+ 29.Kg2 Rc5
30.Ng5 Qa6 31.Rxc5 dxc5 32.Rf2 Qc4 33.h4 b3 34.axb3 Qxb3 35.Rf3 Qa4 36.Kh3 Bxg5
37.Qxg5 Qd7+ 38.Qg4 Qxg4+ 39.Kxg4 h5+  0-1

[Event "Ljubljana op"]
[Site "Ljubljana"]
[Date "1996.??.??"]
[Round "7"]
[White "Tratar, Marko"]
[Black "Ciglic, Boris"]
[Result "1-0"]
[WhiteElo "2405"]
[BlackElo "2195"]

1.Nf3 g6 2.d4 Bg7 3.c4 d6 4.Nc3 Nf6 5.e4 O-O 6.Be2 e5 7.O-O Nbd7 8.Be3 exd4
9.Nxd4 Nc5 10.f3 a5 11.Ndb5 b6 12.Qd2 Bb7 13.Rfe1 Re8 14.Nd5 Rc8 15.Rad1 Ne6
16.Ndxc7 Rxc7 17.Bxb6 Qb8 18.Nxc7 Nxc7 19.Qxd6 Rc8 20.c5 Nfe8 21.Qf4 Ne6
22.Qxb8 Rxb8 23.Bxa5 Bxb2 24.Bc4 Bd4+ 25.Rxd4 Nxd4 26.Rb1 Nc6 27.Bc3 Nc7
28.Bd5 Na6 29.Rb6 Nxc5 30.Bxc6 Rc8 31.Bxb7 Nxb7 32.Be5 Re8 33.Bc7 Nc5 34.Rb8 Rxb8
35.Bxb8 f6 36.Bd6 Na4 37.Kf2 Kf7 38.a3 Ke6 39.Bb4 f5 40.Ke3  1-0

[Event "London"]
[Site "London"]
[Date "1996.??.??"]
[Round "2"]
[White "Wall, Tim"]
[Black "Sowray, Peter J"]
[Result "0-1"]
[WhiteElo "2250"]
[BlackElo "2345"]

1.d4 g6 2.Nf3 Bg7 3.c4 d6 4.Nc3 Nf6 5.e4 O-O 6.Be2 e5 7.d5 a5 8.h4 Na6 9.Nd2 Nc5
10.g4 c6 11.h5 Qb6 12.f3 Bd7 13.Nf1 a4 14.Rb1 Rfc8 15.Be3 cxd5 16.cxd5 Qa5
17.Bd2 Qa7 18.b4 axb3 19.axb3 Bf8 20.Bg5 Be7 21.Qd2 Qa3 22.hxg6 fxg6 23.Bxf6 Bxf6
24.Qh6 Be8 25.Qxh7+ Kf8 26.Nd2 Nd3+ 27.Bxd3 Rxc3 28.Be2 Qb4 29.Qh6+ Bg7 30.Qg5 Ra2
31.Rd1 Rcc2 32.Rh7 Kg8 33.Rxg7+ Kxg7 34.Qe7+ Bf7 35.g5 Rxd2 36.Qf6+ Kg8  0-1

[Event "Loures2"]
[Site "Loures"]
[Date "1996.??.??"]
[Round "4"]
[White "Pinho, Paulo"]
[Black "Quadrio, Alexandre"]
[Result "1-0"]
[WhiteElo "2135"]
[BlackElo "2230"]

1.d4 Nf6 2.c4 g6 3.Nc3 Bg7 4.e4 d6 5.Nf3 O-O 6.Be2 e5 7.O-O exd4 8.Nxd4 Re8
9.f3 c6 10.Nb3 Nh5 11.g4 Nf6 12.Bf4 d5 13.cxd5 cxd5 14.exd5 a5 15.Kh1 a4
16.Nc5 a3 17.bxa3 Qa5 18.Nb5 Nbd7 19.Nb3 Qa4 20.Bg3 Nb6 21.Nc7 Bd7 22.Nxa8 Qxa8
23.Nc5 Qxa3 24.Nxd7 Nfxd7 25.Rc1 Qxa2 26.Bb5 Qb2 27.Rb1 Qa3 28.Rb3 Qa8 29.Re1 Rxe1+
30.Qxe1 h6 31.Re3 Qa2 32.Re8+ Kh7 33.Bxd7 Nxd7 34.d6 Qd5 35.Qe4 Qd1+ 36.Kg2 Nf6
37.Qe2 Qd5 38.Re7 b5 39.h3 b4 40.Rc7 b3 41.Be5 Qe6 42.Qb2 Nxg4 43.Bxg7 Ne3+
44.Kh2 Nd1 45.Qe5 b2 46.Qxe6 b1=Q 47.Qxf7  1-0

[Event "Loures"]
[Site "Loures"]
[Date "1996.??.??"]
[Round "4"]
[White "Pinho, Paulo"]
[Black "Gaspar, Artur"]
[Result "1/2-1/2"]
[WhiteElo "2135"]
[BlackElo "2180"]

1.d4 Nf6 2.c4 g6 3.Nc3 Bg7 4.e4 d6 5.Nf3 O-O 6.Be2 e5 7.O-O exd4 8.Nxd4 Re8
9.f3 c6 10.Kh1 Nh5 11.f4 Qh4 12.Kg1 Na6 13.Nf3 Qe7 14.Re1 Nc5 15.e5 Rd8 16.exd6 Rxd6
17.Bf1 Be6 18.Qc2 Qc7 19.Ne5 Rad8 20.Be3 Bf5 21.Qf2 Nd3 22.Bxd3 Bxe5 23.fxe5 Rxd3
24.h3 Ng7 25.Bg5 R8d7 26.g4 Be6 27.Ne4 Ne8 28.b3 b6 29.Kg2 a5 30.Re3 a4 31.Nf6+ Nxf6
32.Bxf6 Rd2 33.Re2 Rxe2 34.Qxe2 c5 35.Qe3 Qc8 36.Rf1 Rd4 37.Kh2 axb3 38.axb3 Qa8
39.Qh6 Qf8 40.Qxf8+ Kxf8 41.Ra1 Ke8 42.Ra8+ Kd7  1/2-1/2

[Event "Loures2"]
[Site "Loures"]
[Date "1996.??.??"]
[Round "7"]
[White "Spraggett, Kevin"]
[Black "Paramos Dominguez, Roberto"]
[Result "1/2-1/2"]
[WhiteElo "2530"]
[BlackElo "2410"]

1.c4 g6 2.d4 Nf6 3.Nc3 Bg7 4.e4 d6 5.Be2 O-O 6.Nf3 e5 7.d5 a5 8.h4 Nh5 9.Nd2 Nf4
10.Bf1 Na6 11.g3 Nh5 12.Be2 Nc5 13.Nb3 b6 14.Bg5 Qd7 15.Nxc5 bxc5 16.Bxh5 gxh5
17.Qxh5 f5 18.f3 Rb8 19.b3 fxe4 20.Nxe4 a4 21.Rb1 axb3 22.axb3 c6 23.O-O cxd5
24.cxd5 Ba6 25.Rf2 Bd3 26.Rbb2 Qh3 27.Be7 Bxe4 28.fxe4 Qxg3+ 29.Kf1 Qh3+
30.Kg1 Qg3+ 31.Kf1 Qh3+  1/2-1/2

[Event "RL-chB"]
[Site "Ludwigshafen"]
[Date "1996.??.??"]
[Round "?"]
[White "Sixel, Johannes"]
[Black "Costea, Valeriu"]
[Result "0-1"]
[WhiteElo "1640"]
[BlackElo "2020"]

1.d4 Nf6 2.Nf3 d6 3.c4 g6 4.Nc3 Bg7 5.e4 O-O 6.Be2 e5 7.dxe5 dxe5 8.Qxd8 Rxd8
9.Bg5 Re8 10.O-O-O c6 11.h3 h6 12.Be3 Na6 13.Rd2 Nd7 14.Rhd1 Ndc5 15.Rd8 Be6
16.Rxa8 Rxa8 17.b4 Nd7 18.a3 Bf8 19.Na4 f6 20.Nd2 Nc7 21.Nb3 b6 22.Kb2 Kf7
23.c5 b5 24.Nc3 f5 25.f3 f4 26.Bf2 Nf6 27.Na5 Bd7 28.Nb7 Nce8 29.Nb1 Rb8
30.Na5 Rc8 31.Be1 Be6 32.Bc3 Nd7 33.Bd3 a6 34.Bc2 Nef6 35.Nd2 Be7 36.Ndb3 Rc7
37.Nd2 g5 38.Bd3 h5 39.a4 g4 40.hxg4 hxg4 41.axb5 axb5 42.Ra1 Nh5 43.Nab3 Bf6
44.Ra6 Nb8 45.Rb6 Nd7 46.Ra6 Ng3 47.Na5 Nb8 48.Rb6 Rc8 49.Nb7 Rh8 50.Nd6+ Kg6
51.Nf1 Nd7 52.Rxc6 Rh1 53.Nxg3 fxg3 54.Nf5 gxf3 55.Nxg3 Rh2 56.Ka3 fxg2 57.Ne2 g1=Q  0-1

[Event "RL-ch"]
[Site "Ludwigshafen"]
[Date "1996.??.??"]
[Round "?"]
[White "Wetzel, Gerhard"]
[Black "Schumacher, Olaf"]
[Result "0-1"]
[WhiteElo "2005"]
[BlackElo "2255"]

1.e4 d6 2.d4 g6 3.c4 Nf6 4.Nc3 Bg7 5.Nf3 O-O 6.Be2 e5 7.O-O exd4 8.Nxd4 Re8
9.f3 Nc6 10.Be3 Nh5 11.Nxc6 bxc6 12.Qd2 Qe7 13.Rfe1 Bb7 14.Bf1 c5 15.Rab1 a5
16.Qf2 Bc6 17.Nd5 Bxd5 18.cxd5 Qd7 19.Qc2 f5 20.a4 Qf7 21.Bb5 Re7 22.Bc6 Rf8
23.e5 Bxe5 24.Bd2 Bd4+ 25.Kf1 f4 26.Re4 Qf6 27.Be1 Rff7 28.Rxe7 Rxe7 29.Bc3 Ng7
30.Re1 Nf5 31.Bxd4 Nxd4 32.Qd2 Rxe1+ 33.Qxe1 Qe5 34.Qxe5 dxe5 35.Bd7 Kf7
36.Kf2 Ke7 37.Bc8 Kd6 38.Bb7 Nf5 39.g3 Ne7 40.gxf4 exf4 41.Ke2 c4  0-1

[Event "DEN-chJ"]
[Site "Lyngby"]
[Date "1996.??.??"]
[Round "1"]
[White "Lyrberg, Patrik"]
[Black "Cole, Roland"]
[Result "0-1"]
[WhiteElo "2415"]
[BlackElo "2215"]

1.d4 Nf6 2.c4 g6 3.Nc3 Bg7 4.e4 d6 5.Nf3 O-O 6.Be2 e5 7.d5 a5 8.Bg5 Na6 9.Nd2 Qe8
10.a3 Bd7 11.b3 h6 12.Be3 Nh7 13.Rb1 f5 14.f3 f4 15.Bf2 g5 16.b4 axb4 17.axb4 b6
18.Qb3 Qg6 19.Qb2 Rfb8 20.Ra1 Bc8 21.Ra3 h5 22.O-O g4 23.Rfa1 g3 24.Be1 gxh2+
25.Kxh2 h4 26.b5 h3 27.g4 fxg3+ 28.Bxg3 Bh6 29.bxa6 Be3 30.a7 Rb7 31.Nb5 Bc5
32.Rd3 c6 33.Rf1 cxb5 34.f4 bxc4 35.f5 Qh6 36.Nxc4 Rbxa7 37.Qc2 Ra2 38.Nb2 Ba6
39.Rb3 Bxe2 40.Qxe2 R8a3 41.Rff3 Qc1 42.Bf2 Ng5 43.Rg3  0-1

[Event "DEN-chJ"]
[Site "Lyngby"]
[Date "1996.??.??"]
[Round "2"]
[White "Keller, Thomas"]
[Black "Lyrberg, Patrik"]
[Result "1/2-1/2"]
[WhiteElo "2155"]
[BlackElo "2415"]

1.c4 Nf6 2.Nc3 g6 3.e4 d6 4.d4 Bg7 5.Nf3 O-O 6.Be2 e5 7.dxe5 dxe5 8.Qxd8 Rxd8
9.Bg5 Re8 10.O-O-O c6 11.Nxe5 Na6 12.Rd6 Be6 13.f4 Nc5 14.Bf3 Nfxe4 15.Nxe4 Nxe4
16.Bxe4 f6 17.Bxf6 Bxf6 18.b3 a5 19.a4  1/2-1/2

[Event "DEN-chJ"]
[Site "Lyngby"]
[Date "1996.??.??"]
[Round "3"]
[White "Petersen, Steen"]
[Black "Bekker Jensen, David"]
[Result "0-1"]
[WhiteElo "2150"]
[BlackElo "2190"]

1.d4 Nf6 2.c4 g6 3.Nf3 Bg7 4.Nc3 O-O 5.e4 d6 6.Be2 e5 7.d5 a5 8.Bg5 Na6 9.O-O h6
10.Bh4 Bd7 11.Nd2 Qe8 12.Kh1 Nh7 13.Bg4 Bxg4 14.Qxg4 g5 15.Bg3 f5 16.exf5 h5
17.Qe2 h4 18.Nde4 Rxf5 19.Qg4 Qf7 20.Bxh4 Rf4  0-1

[Event "Asia-ch Girls"]
[Site "Macau"]
[Date "1996.??.??"]
[Round "?"]
[White "Batceceg, Tuvshintogs"]
[Black "Ibrahim, Eliza Hanum"]
[Result "1-0"]
[WhiteElo "2040"]
[BlackElo "2050"]

1.Nf3 Nf6 2.c4 g6 3.Nc3 Bg7 4.e4 d6 5.d4 O-O 6.Be2 e5 7.Be3 Nc6 8.d5 Ne7
9.Nd2 Ne8 10.c5 f5 11.f3 f4 12.Bf2 Nf6 13.Nc4 b6 14.b4 g5 15.a4 h5 16.cxd6 cxd6
17.a5 bxa5 18.Rxa5 Qd7 19.Nb6 axb6 20.Rxa8 Qc7 21.Nb5 Qb7 22.Ra7  1-0

[Event "Asia-ch Boys"]
[Site "Macau"]
[Date "1996.??.??"]
[Round "?"]
[White "Wu Wenjin"]
[Black "Curtis, Ry"]
[Result "1-0"]
[WhiteElo "2245"]
[BlackElo "2045"]

1.Nf3 Nf6 2.c4 g6 3.Nc3 Bg7 4.e4 d6 5.d4 O-O 6.Be2 e5 7.dxe5 dxe5 8.Qxd8 Rxd8
9.Bg5 c6 10.Nxe5 Re8 11.O-O-O Na6 12.f4 Nc5 13.Bf3 Nfxe4 14.Nxe4 Nxe4 15.Bxe4 f6
16.Bxf6 Bxf6 17.Rhe1 Bxe5 18.fxe5 Be6 19.b3 Re7 20.Rd3 Kg7 21.c5 Rae8 22.Rde3 Bd7
23.Bd3 Be6 24.Kb2 Bd5 25.R1e2 b6 26.cxb6 axb6 27.Kc3 c5 28.Bb5 Rf8 29.Rd3 Be6
30.Rd6 Bg4 31.Re4  1-0

[Event "RH-chB"]
[Site "Mainz"]
[Date "1996.??.??"]
[Round "4"]
[White "Lisanti, Andre"]
[Black "Hartmann, Wolfram"]
[Result "1-0"]
[WhiteElo "2325"]
[BlackElo "2275"]

1.d4 Nf6 2.Nf3 g6 3.c4 Bg7 4.Nc3 O-O 5.e4 d6 6.Be2 e5 7.d5 Na6 8.Bg5 h6 9.Bh4 Qe8
10.Nd2 Nh7 11.Rb1 f5 12.f3 c5 13.dxc6 bxc6 14.b4 Nc7 15.O-O Ne6 16.Nb3 Nd4
17.Bf2 Nxe2+ 18.Qxe2 Rf7 19.Rfd1 Bf8 20.c5 dxc5 21.Bxc5 Nf6 22.Bxf8 Qxf8
23.Nc5 a5 24.Qc4 Kh7 25.Rd8 Qe7 26.Rbd1 axb4 27.Qxb4 Nd5 28.exd5 Qxd8 29.dxc6 Qc7
30.Qc4 Rg7 31.Ne6 Bxe6 32.Qxe6 Re7 33.Qd6 Rc8 34.Nb5 Qxd6 35.Rxd6 Kg7 36.h4 e4
37.h5 gxh5 38.Nd4 Rf7 39.Ne6+ Kg8 40.a4 e3 41.Nf4 Ra7 42.Nd5 Rxa4 43.Ne7+ Kf7
44.Nxc8 Ra1+ 45.Kh2 e2 46.Rd7+ Kf8 47.Rd8+ Kf7 48.Nd6+ Ke7 49.Re8+ Kxd6 50.Rxe2 Rc1
51.Kg3 Rxc6 52.Kh4 Kd7 53.Kxh5 Rf6 54.Re5 Kd6 55.Re8 Kd5 56.Rh8 Ke5 57.Rxh6 Rf8
58.Kg5 f4 59.Rg6 Rf7 60.Kg4 Rf8 61.Rg7 Rf6 62.Rg8  1-0

[Event "Mar del Plata op"]
[Site "Mar del Plata"]
[Date "1996.??.??"]
[Round "2"]
[White "Rubinetti, Jorge A"]
[Black "Mondaca, Omar"]
[Result "1-0"]
[WhiteElo "2430"]
[BlackElo "2190"]

1.Nf3 Nf6 2.c4 g6 3.Nc3 Bg7 4.e4 d6 5.d4 O-O 6.Be2 Nbd7 7.O-O e5 8.Qc2 c6
9.Rd1 Qe7 10.d5 c5 11.a3 Ne8 12.b4 b6 13.Ne1 f5 14.Nd3 Ndf6 15.f3 Nh5 16.bxc5 bxc5
17.Bd2 Bf6 18.Qc1 Rb8 19.Bf1 Ba6 20.Nf2 Kh8 21.g3 Nc7 22.Bd3 Bc8 23.Rb1 Bd7
24.Qc2 f4 25.g4 Ng7 26.Rxb8 Rxb8 27.Rb1 Qd8 28.Rb3 Nge8 29.Qb2 Rxb3 30.Qxb3 Qc8
31.Be2 Kg7 32.Nd3 h5 33.h3 hxg4 34.hxg4 Bg5 35.Nd1 Bxg4 36.Qb2 Bd7 37.Nxf4 Bf6
38.Nd3 Kf7 39.N3f2 Ng7 40.Ng4 Bxg4 41.fxg4 Nge8 42.g5 Be7 43.Nf2 Qd8 44.Qc1 Qb8
45.Ng4 Qb3 46.Nh6+ Kg7 47.Kg2  1-0

[Event "Mar del Plata op"]
[Site "Mar del Plata"]
[Date "1996.??.??"]
[Round "2"]
[White "Slipak, Sergio"]
[Black "Bianchi, Albino"]
[Result "1-0"]
[WhiteElo "2535"]
[BlackElo "2225"]

1.d4 Nf6 2.Nf3 g6 3.c4 Bg7 4.Nc3 O-O 5.e4 d6 6.Be2 e5 7.d5 a5 8.Be3 Na6 9.Nd2 Ne8
10.g4 f5 11.gxf5 gxf5 12.exf5 Bxf5 13.Nde4 Nf6 14.Ng3 Bh3 15.Rg1 Qd7 16.Qd2 Kh8
17.f3 Nc5 18.O-O-O a4 19.Bf1 Bxf1 20.Rdxf1 c6 21.dxc6 bxc6 22.Rd1 Nb7 23.Qc2 Qe6
24.Nf5 Nh5 25.Rg5 Qf7 26.Rdg1 Rg8 27.Qe4  1-0

[Event "Mar del Plata op"]
[Site "Mar del Plata"]
[Date "1996.??.??"]
[Round "2"]
[White "Mosconi, Ariel"]
[Black "Pereyra Arcija, Diego"]
[Result "0-1"]
[WhiteElo "2215"]
[BlackElo "2430"]

1.d4 Nf6 2.c4 g6 3.Nc3 Bg7 4.e4 d6 5.Nf3 O-O 6.Be2 e5 7.d5 Nbd7 8.Bg5 h6
9.Bh4 g5 10.Bg3 Nh5 11.h4 g4 12.Nh2 Nxg3 13.fxg3 h5 14.O-O Nc5 15.Bd3 f5
16.exf5 e4 17.Nxe4 Nxd3 18.Qxd3 Bxf5 19.Rae1 Qd7 20.Qd2 Rae8 21.Ng5 Be5 22.Ne6 Bxe6
23.dxe6 Qg7 24.Rxf8+ Rxf8 25.Rf1 Bxb2 26.Rxf8+ Kxf8 27.Qf4+ Qf6 28.Nf1 Bd4+
29.Kh2 Ke7 30.Ne3 Qxf4 31.Nd5+ Kxe6 32.Nxf4+ Kf5 33.Nxh5 c6 34.Nf4 b5 35.Ne2 Bf2
36.cxb5 cxb5 37.Nc3 b4 38.Nb5 Bc5 39.Nc7 a5 40.Nd5 a4 41.Nf4 b3 42.axb3 a3
43.b4 Ba7  0-1

[Event "Mar del Plata op"]
[Site "Mar del Plata"]
[Date "1996.??.??"]
[Round "4"]
[White "Baeos, Oscar"]
[Black "Tempone, Marcelo"]
[Result "1/2-1/2"]
[WhiteElo "2370"]
[BlackElo "2460"]

1.d4 d6 2.c4 Nf6 3.Nc3 Nbd7 4.Nf3 e5 5.e4 g6 6.Be2 Bg7 7.O-O O-O 8.Be3 Ng4
9.Bg5 f6 10.Bc1 Nh6 11.dxe5 dxe5 12.Rb1 Nf7 13.b4 c6 14.c5 Qe7 15.Nd2 Rd8
16.Qa4 Nf8 17.Nc4 Bd7 18.Be3 Ne6 19.Qb3 Nd4 20.Qb2 Be6 21.Rfd1 f5 22.f3 Qc7
23.Bf1 b6 24.Rd2 bxc5 25.bxc5 Rab8 26.Qc1 Qe7 27.Rxb8 Rxb8 28.Nxe5 Bxe5 29.f4 Bg7
30.Bxd4 Bxd4+ 31.Rxd4 Qxc5 32.Qe3 Kg7 33.e5 Rb4 34.Ne2 Bxa2 35.Kf2 Rb3 36.Rd3 Qxe3+
37.Rxe3 c5 38.Nc3 Rb2+ 39.Re2 Rxe2+ 40.Bxe2 Bb3 41.Ke3 Nd8 42.Ba6 Ne6 43.h4 Nc7
44.Bb7 a5 45.Kd2 a4 46.g3 Kf7 47.Kc1 a3 48.Kb1 Ke7 49.Ka1 Ne6 50.Bd5 Bxd5
51.Nxd5+ Kf7 52.Ka2 Nd4 53.Nc3 Nc2 54.Kb3 Ne3 55.Kxa3 Nf1 56.Ne2 Ke6 57.Kb2 Nd2
58.Kc3 Ne4+  1/2-1/2

[Event "Mar del Plata op"]
[Site "Mar del Plata"]
[Date "1996.??.??"]
[Round "5"]
[White "Panno, Oscar"]
[Black "Iglesias, J."]
[Result "1-0"]
[WhiteElo "2485"]
[BlackElo "2270"]

1.c4 Nf6 2.Nc3 g6 3.e4 d6 4.d4 Bg7 5.Nf3 O-O 6.Be2 e5 7.d5 a5 8.Bg5 h6 9.Bh4 Na6
10.Nd2 Bd7 11.a3 Qe8 12.b3 Nh7 13.f3 f5 14.Rb1 Nc5 15.Qc2 Bf6 16.Bf2 f4 17.b4 axb4
18.axb4 Na4 19.Nb5 Bd8 20.Ra1 Nb6 21.Rxa8 Nxa8 22.O-O g5 23.Qa4 Be7 24.Qa7 g4
25.fxg4 Qc8 26.Ra1 Bxg4 27.Qxa8 Bxe2 28.Qxc8 Rxc8 29.Ra7 f3 30.h4 fxg2 31.Rxb7 Bd8
32.Kxg2 Nf8 33.c5 Ng6 34.cxd6 cxd6 35.Nxd6 Rc2 36.Rb8 Rxd2 37.Rxd8+ Kh7 38.Rd7+ Kg8
39.Rd8+ Kh7 40.Rd7+ Kg8 41.Be3 Nf4+ 42.Kg3 Nh5+ 43.Kf2 Rb2 44.Bc1 Ra2 45.Rd8+ Kh7
46.Nf7 Bc4+ 47.Kf3  1-0

[Event "Mar del Plata op"]
[Site "Mar del Plata"]
[Date "1996.??.??"]
[Round "7"]
[White "Pacheco, Daniel"]
[Black "Rubinetti, Jorge A"]
[Result "0-1"]
[WhiteElo "2290"]
[BlackElo "2430"]

1.d4 Nf6 2.Nf3 g6 3.c4 Bg7 4.Nc3 O-O 5.e4 d6 6.Be2 e5 7.d5 a5 8.Bg5 h6 9.Bh4 Na6
10.Nd2 Qe8 11.f3 Nh5 12.Bf2 Nf4 13.Bf1 Qe7 14.g3 Nh3 15.Be3 h5 16.Nb3 b6
17.Qd2 Bf6 18.O-O-O Bg5 19.f4 Bh6 20.Bg2 Bg4 21.Rde1 a4 22.Nxa4 exf4 23.gxf4 Nxf4
24.a3 Nxg2 25.Bxh6 Nxe1 26.Rxe1 Nc5 27.Naxc5 bxc5 28.Na5 Bd7 29.Bxf8 Rxf8
30.Qf4 Re8 31.b4 cxb4 32.axb4 f5 33.Qh6 Qf6 34.e5 Rxe5 35.Rg1 Be8 36.Qg5 Qxg5+
37.Rxg5 Re2 38.h3 Re3 39.Kd2 Rxh3 40.Nb7 Rb3 41.Nd8 Rxb4 42.Kc3 Rb8 43.Ne6 Rc8
44.Rg1 c6 45.Kd4 cxd5 46.cxd5 Bf7 47.Ra1 h4 48.Ng5 h3 49.Nxh3 Rc5 50.Nf4 Rb5
51.Kc4 Rb2 52.Ra8+ Kg7 53.Ra7 Kf6 54.Rd7 Rb6 55.Nh3 Ra6 56.Kb5 Be8 57.Kxa6 Bxd7
58.Kb6 Ke5 59.Ka5 f4 60.Ng5 Kxd5 61.Kb6 Bg4 62.Nh7 Ke5 63.Nf8 Kf6 64.Nh7+ Kf5  0-1

[Event "Maribor"]
[Site "Maribor"]
[Date "1996.??.??"]
[Round "?"]
[White "Gostisa, Leon"]
[Black "Loncar, Robert"]
[Result "1/2-1/2"]
[WhiteElo "2425"]
[BlackElo "2455"]

1.d4 Nf6 2.Nf3 g6 3.c4 Bg7 4.Nc3 O-O 5.e4 d6 6.Be2 Na6 7.O-O e5 8.Re1 c6
9.Rb1 exd4 10.Nxd4 Re8 11.Bf3 Nd7 12.Be3 Ne5 13.Be2 Nc7 14.f4 Nd7 15.Bf3 Nf6
16.Kh1 Ne6 17.Nb3 Qc7 18.Qd2 Nf8 19.Rbd1 Bg4 20.Bxg4 Nxg4 21.Bg1 Rad8 22.Qd3  1/2-1/2

[Event "LTU-ch (Women)"]
[Site "Marijampole"]
[Date "1996.??.??"]
[Round "5"]
[White "Dambravaite, Asta"]
[Black "Turauskiene, Renata"]
[Result "1/2-1/2"]
[WhiteElo "2135"]
[BlackElo "2220"]

1.d4 Nf6 2.c4 g6 3.Nc3 Bg7 4.e4 d6 5.Be2 O-O 6.Nf3 Nbd7 7.O-O e5 8.d5 Nc5
9.Qc2 a5 10.Ne1 Nfd7 11.Nd3 f5 12.Nxc5 Nxc5 13.f3 f4 14.Bd2 h5 15.Nd1 Bf6
16.Nf2 Bh4 17.Be1 g5 18.Nd3 Nxd3 19.Bxd3 Bxe1 20.Rfxe1 g4 21.c5 Kh8 22.Kh1 Rg8
23.cxd6 cxd6 24.Rg1 Bd7 25.Qb3 Rc8 26.Bb5 Bxb5 27.Qxb5 Rc2 28.Rac1 Qc7 29.Rxc2 Qxc2
30.Qxb7 gxf3 31.gxf3 Rxg1+ 32.Kxg1 Qd1+ 33.Kg2 Qe2+ 34.Kg1  1/2-1/2

[Event "LTU-ch (Women)"]
[Site "Marijampole"]
[Date "1996.??.??"]
[Round "5"]
[White "Dambravaite, Rita"]
[Black "Cmilyte, Viktorija"]
[Result "0-1"]
[WhiteElo "2145"]
[BlackElo "2110"]

1.d4 Nf6 2.c4 g6 3.Nc3 Bg7 4.e4 d6 5.Be2 O-O 6.Nf3 e5 7.dxe5 dxe5 8.Bg5 Qxd1+
9.Rxd1 Nbd7 10.Nd5 c6 11.Nxf6+ Nxf6 12.Bd3 Be6 13.O-O Nd7 14.b3 f6 15.Be3 Rfd8
16.Nd2 Bf8 17.Nb1 Bc5 18.Bxc5 Nxc5 19.Bc2 Kf7 20.g3 Bh3 21.Rfe1 Ne6 22.Rxd8 Rxd8
23.Bd1 Nc5 24.Bf3 Be6 25.Bg2 Rd4 26.f3 a5 27.Bf1 a4 28.bxa4 Bxc4 29.Rc1 Bxf1
30.Rxc5 Bc4 31.Nc3 Ke6 32.f4 Kd6 33.Ra5 Rd3 34.Ra7 Kc7  0-1

[Event "SVK-ch"]
[Site "Martin"]
[Date "1996.??.??"]
[Round "5"]
[White "Kebis, Milos"]
[Black "Manik, Mikulas"]
[Result "0-1"]
[WhiteElo "2150"]
[BlackElo "2345"]

1.c4 Nf6 2.Nc3 g6 3.e4 d6 4.d4 Bg7 5.Nf3 O-O 6.Be2 e5 7.Be3 Ng4 8.Bg5 f6
9.Bd2 Nh6 10.dxe5 dxe5 11.Qb3 c6 12.Rd1 Qe7 13.O-O Na6 14.Na4 Be6 15.Qc2 Nf7
16.c5 Nc7 17.b4 f5 18.Nc3 f4 19.Bc1 h5 20.Nd2 Ne8 21.Nc4 g5 22.Qa4 g4 23.Nb6 axb6
24.Qxa8 bxc5 25.bxc5 f3 26.gxf3 gxf3 27.Bxf3 Ng5 28.Bg2 Nh3+ 29.Bxh3 Bxh3
30.Qd8 Qe6 31.f3 Bf6 32.Qd2 Qc4 33.Ne2 Ng7 34.Kh1 Bxf1 35.Rxf1 Qxc5 36.Rg1 Qf2
37.Qd3 Rd8 38.Qb3+ Kh7 39.Ng3 Rd7 40.Rf1 Qd4 41.Rg1 h4 42.Nh5 Qd6 43.Qe3 Bd8
44.Qb3 h3 45.f4 Qd4 46.Qf3 exf4 47.Qxf4 Kg8 48.Qg4 Rf7 49.Bh6 Bb6 50.Be3 Qxe3
51.Nf6+ Kf8 52.Qc8+ Ke7 53.Ng8+ Kd6 54.e5+ Kxe5  0-1

[Event "Mataruska Banja"]
[Site "Mataruska Banja"]
[Date "1996.??.??"]
[Round "2"]
[White "Damljanovic, Branko"]
[Black "Simonovic, Aleksandar"]
[Result "0-1"]
[WhiteElo "2510"]
[BlackElo "2355"]

1.Nf3 Nf6 2.c4 g6 3.Nc3 Bg7 4.e4 d6 5.d4 O-O 6.Be2 e5 7.d5 a5 8.Be3 Ng4 9.Bg5 f6
10.Bh4 Na6 11.Nd2 Nh6 12.O-O Nc5 13.b3 g5 14.Bg3 f5 15.f3 f4 16.Bf2 Rf6 17.a3 Rg6
18.b4 Na6 19.Kh1 Nf7 20.c5 h5 21.c6 b6 22.g4 fxg3 23.Bxg3 Bh6 24.Rb1 Bh3
25.Rg1 Qf6 26.Bf1 g4 27.Bxh3 gxh3 28.Nc4 Kh7 29.Qe2 axb4 30.axb4 Rag8 31.Ne3 Bxe3
32.Qxe3 h4 33.Bf2 Rg2 34.f4 Qxf4 35.Qxf4 exf4 36.Bxh4 Ne5 37.Rbf1 Nf3  0-1

[Event "Mataruska Banja"]
[Site "Mataruska Banja"]
[Date "1996.??.??"]
[Round "5"]
[White "Simic, Radoslav"]
[Black "Radulski, Julian"]
[Result "0-1"]
[WhiteElo "2490"]
[BlackElo "2470"]

1.c4 Nf6 2.Nf3 g6 3.Nc3 Bg7 4.e4 d6 5.d4 O-O 6.Be2 e5 7.d5 a5 8.h3 Na6 9.Bg5 Nc5
10.Nd2 Bd7 11.O-O h6 12.Be3 Qe7 13.a3 a4  0-1

[Event "Mataruska Banja"]
[Site "Mataruska Banja"]
[Date "1996.??.??"]
[Round "6"]
[White "Tosic, Miroslav"]
[Black "Damljanovic, Branko"]
[Result "1-0"]
[WhiteElo "2415"]
[BlackElo "2510"]

1.d4 Nf6 2.c4 g6 3.Nc3 Bg7 4.e4 d6 5.Nf3 O-O 6.Be2 e5 7.O-O c6 8.d5 Na6 9.Nd2 Bd7
10.a3 Ne8 11.b4 c5 12.Rb1 f5 13.bxc5 Nxc5 14.Nb3 Na4 15.Nxa4 Bxa4 16.exf5 gxf5
17.Qe1 b6 18.f4 Rc8 19.Kh1 Kh8 20.Qb4 Qd7 21.Nd2 e4 22.Bb2 Nf6 23.Rfe1 Rce8
24.Nf1 Re7 25.Ne3 Ne8 26.g4 Bxb2 27.Qxb2+ Rg7 28.Nxf5 Rxf5 29.gxf5 Qxf5 30.Rg1 Nf6
31.Rxg7 Kxg7 32.Rg1+ Kf8 33.Qd2 Kf7 34.Qb4 Qd7 35.Qc3 Qf5 36.Qg3 Qg6 37.Qh4 Qf5
38.Qh6 Ke7 39.Rg5  1-0

[Event "Mataruska Banja"]
[Site "Mataruska Banja"]
[Date "1996.??.??"]
[Round "8"]
[White "Tosic, Miroslav"]
[Black "Miljanic, Boro"]
[Result "1-0"]
[WhiteElo "2415"]
[BlackElo "2410"]

1.d4 Nf6 2.c4 g6 3.Nc3 Bg7 4.e4 d6 5.Nf3 O-O 6.Be2 e5 7.d5 Na6 8.Nd2 Bh6
9.Nf1 Bxc1 10.Qxc1 Nc5 11.Qe3 c6 12.b4 cxd5 13.exd5 Ncd7 14.a3 a5 15.Rb1 axb4
16.axb4 Nb6 17.Nd2 Bg4 18.f3 Bf5 19.Nce4 Nh5 20.g3 Bc8 21.Qb3 f5 22.Nf2 Kg7
23.f4 Nf6 24.O-O Re8 25.Rfe1 Na4 26.Bf3 e4 27.Bd1 b5 28.Qe3 Nb6 29.Bb3 bxc4
30.Bxc4 Nbxd5 31.Bxd5 Nxd5 32.Qd4+ Nf6 33.Nc4 d5 34.Na5 Rb8 35.Rbc1 Be6 36.Nc6 Qb6
37.Rc5 Rbc8 38.Ne5 Rxc5 39.bxc5 Qa7 40.Ra1 Qc7 41.c6 Re7 42.Nd1 Kh6 43.Nc3 Ng4
44.Nxg4+ fxg4 45.Qc5 Rd7 46.Nb5 Qc8 47.f5  1-0

[Event "Mataruska Banja"]
[Site "Mataruska Banja"]
[Date "1996.??.??"]
[Round "12"]
[White "Gyimesi, Zoltan"]
[Black "Miljanic, Boro"]
[Result "1-0"]
[WhiteElo "2545"]
[BlackElo "2410"]

1.d4 Nf6 2.c4 g6 3.Nc3 Bg7 4.e4 d6 5.Nf3 O-O 6.Be2 e5 7.O-O exd4 8.Nxd4 Re8
9.f3 Nc6 10.Be3 Nh5 11.Qd2 f5 12.Nxc6 bxc6 13.exf5 gxf5 14.Rfe1 Qh4 15.Bf2 Qf4
16.Qxf4 Nxf4 17.Bf1 Be6 18.Rac1 Kf7 19.g3 Ng6 20.f4 h5 21.b3 h4 22.Bg2 hxg3
23.hxg3 Ne7 24.Ne2 Bd7 25.Nd4 Bxd4 26.Bxd4 Ng8 27.Rxe8 Rxe8 28.c5 d5 29.Be5 Nf6
30.Bf3 Rc8 31.Rd1 Be6 32.Kf2 Rh8 33.Kg2 Rh7 34.Bxc7 Ne4 35.Be5 Kg6 36.b4 Bc8
37.b5 cxb5 38.Rxd5 Be6 39.Bxe4 fxe4 40.Rd6 Kf7 41.f5 Bxa2 42.c6  1-0

[Event "Wch U20"]
[Site "Medellin"]
[Date "1996.??.??"]
[Round "2"]
[White "Lyrberg, Patrik"]
[Black "Irzhanov, Ruslan"]
[Result "1-0"]
[WhiteElo "2415"]
[BlackElo "2535"]

1.d4 g6 2.c4 Bg7 3.Nc3 d6 4.Nf3 Nf6 5.e4 O-O 6.Be2 e5 7.d5 Nbd7 8.Bg5 h6
9.Bh4 a5 10.Nd2 Nc5 11.O-O c6 12.b3 Bd7 13.a3 Qb6 14.Rb1 cxd5 15.cxd5 Rfc8
16.Kh1 Qc7 17.a4 Ne8 18.Bb5 b6 19.Qe2 Rab8 20.f3 f5 21.Rfc1 Rb7 22.Bf2 Bxb5
23.Nxb5 Qd8 24.Nc4 Rf7 25.Nc3 Nf6 26.Bg1 Nh5 27.g3 Bf8 28.b4 Nd7 29.Nb5 Qg5
30.Rc2 axb4 31.Ncxd6 Rxc2 32.Qxc2 Bxd6 33.Nxd6 Rf8 34.Nb5 fxe4 35.Qxe4 Nhf6
36.Qd3 Rc8 37.d6 Rc1 38.Rxc1 Qxc1 39.Qxg6+ Kf8 40.Nc7 Qc4 41.Kg2 b3 42.Be3 Ng8
43.Qe8+ Kg7 44.Qxd7+ Kh8 45.Ne6 Qc2+ 46.Bf2 Qg6 47.Nf8  1-0

[Event "Wch U20"]
[Site "Medellin"]
[Date "1996.??.??"]
[Round "3"]
[White "Kempinski, Robert"]
[Black "Lyrberg, Patrik"]
[Result "1-0"]
[WhiteElo "2510"]
[BlackElo "2415"]

1.Nf3 Nf6 2.c4 g6 3.Nc3 Bg7 4.e4 d6 5.d4 O-O 6.Be2 e5 7.d5 c5 8.h3 a6 9.Bg5 Nbd7
10.Nd2 Kh8 11.h4 h6 12.Be3 Ng8 13.g4 f5 14.gxf5 gxf5 15.exf5 Ne7 16.Bd3 e4
17.Bxe4 Nxf5 18.Bxf5 Rxf5 19.Qc2 Ne5 20.O-O-O b5 21.Nce4 Rb8 22.cxb5 Rxb5
23.Rhg1 Qa5 24.Rxg7 Qxa2 25.Rdg1 Rxb2 26.Rg8+ Kh7 27.Nf6+  1-0